| 000 | 00352nam a2200145Ia 4500 | ||
|---|---|---|---|
| 008 | 191201s2009 xx 000 0 und d | ||
| 082 |
_a004.6 _bSTD |
||
| 100 | _aSTALLINGS, William | ||
| 245 | 0 | _aData and Computer Communications | |
| 250 | _aImp 4th | ||
| 260 |
_aN.Delhi _bPearson _c2009 |
||
| 300 | _a834p | ||
| 650 | _aB.Tech(IT) | ||
| 942 |
_2ddc _cBK |
||
| 999 |
_c4010 _d4010 |
||